Developing learning materials

Bibliographic Details
Main Author: Gough, Jacqui
Format: Book
Published: London : IPD , 1996
Subjects:

MARC

LEADER 00000cam a2200000 7i4500
001 0000003109
005 20050420.0
020 |a 0852926391 
040 |a INS 
090 0 0 |a P53.295   |b G692 1996 
100 1 |a Gough, Jacqui 
245 1 0 |a Developing learning materials   |c Jacqui Gough 
260 |a London :   |b IPD ,   |c 1996 
300 |a 151p. 
650 0 0 |a Training 
650 0 0 |a Training manuals 
999 |a 0000006710   |b BOOK   |c Open Shelf   |e Default branch